000 00449nam a22001577a 4500
003 macl
005 20170108133904.0
008 170108b xxu||||| |||| 00| 0 eng d
040 _cmacl
082 _a320
100 _aNCERT
_94590
245 _aलोकतांत्रिक राजनीति-1
_b कक्ष्‍ाा 9
260 _aदिल्‍ली
_bNCERT
_c2006
650 _aराजनीति
_966435
942 _2ddc
_cHIN
999 _c55783
_d55783